000 007200000a22002050004500
003 dpl
005 20081031141817.0
008 081031t xxu||||| |||| 00| 0 eng d
010 _aENG-84701
020 _a0195668367
_c395.00 (hb)
035 _aEN-68234
082 _a488.24
100 _aYadurajan, K S
245 _aStructure, style, and usage /
_cy K S Yadurajan
260 _aNew Delhi
_bOxford University Press
_c2005
300 _axiii,235p
_c22cm
500 _aIncludes bibliographical references
942 _2ddc
_cEN
_h488.24
_mYAD
999 _c18004
_d18004